Statistics for Artists By Songs - MEGA EDITION

Click here to take the quiz!

General Stats

  • This quiz has been taken 23 times
  • The average score is 42 of 130

Answer Stats

SongsArtist/ Band% Correct
Baby One More Time, Everytime, ToxicBritney Spears
90%
Like A Virgin, Like A Prayer, Material GirlMadonna
90%
And I Love Her, Hey Jude, I Am The WalrusThe Beatles
86%
Bad, Beat It, ThrillerMichael Jackson
81%
Come As You Are, In Bloom, Smells Like Teen SpiritNirvana
81%
Africa, Hold the Line, RosannaToto
81%
In Da Club, Many Men, Window Shopper50 Cent
76%
Hold My Hand, Paparazzi, Poker FaceLady Gaga
76%
Californication, Hump De Bump, Scar TissueRed Hot Chili Peppers
76%
Hips Don't Lie, Waka Waka, Whenever WhereverShakira
76%
I Get Around, Kokomo, Wouldn't It Be NiceThe Beach Boys
76%
My Name Is, The Way I Am, Without MeEminem
71%
Best of You, Everlong, Learn To FlyFoo Fighters
71%
Hey Ya, Ms. Jackson, RosesOutkast
71%
Another Day in Paradise, Do You Remember, In The Air TonightPhil Collins
71%
Proud Mary, The Best, What's Love Got To Do With ItTina Turner
71%
7 Rings, Thanks U Next, Yes And?Ariana Grande
67%
Galway Girl, Perfect, Shape of YouEd Sheeran
67%
I Want Love, Rocketman, Take Me To The PilotElton John
67%
99 Problems, Empire State of Mind, RenegadeJay-Z
67%
Dark Horse, Roar, Waking Up in VegasKaty Perry
67%
Diamonds, Don't Stop The Music, UmbrellaRihanna
67%
Ice Ice Baby, Ninja Rap, Play That Funky MusicVanilla Ice
67%
Dream On, Love in an Elevator, What It TakesAerosmith
62%
C U When U Get There, Fantastic Voyage, Gangsta's ParadiseCoolio
62%
Numb, Papercut, What I've DoneLinkin Park
62%
I Heard It Through The Grapevine, Sexual Healing, What's Going On?Marvin Gaye
62%
Never Gonna Give You Up, Take Me To Your Heart, Together ForeverRick Astley
62%
Complicated, Girlfriend, Sk8er BoiAvril Lavigne
57%
Devil In A New Dress, Gold Digger, RunawayKanye West
57%
Gettin Jiggy Wit It, Men in Black, MiamiWill Smith
57%
Idiot Wind, Like A Rolling Stone, Visions of JohannaBob Dylan
52%
Believer, Enemy, RadioactiveImagine Dragons
52%
Celebration, Cherish, Get Down On ItKool & The Gang
52%
Bat Out Of Hell, I'd Do Anything For Love, Paradise By The Dashboard LightMeat Loaf
52%
Express Yourself, F### Tha Police, Straight Outta ComptonN.W.A.
52%
Alive, Black, Even FlowPearl Jam
52%
Feed My Frankenstein, No More Mr. Nice Guy, School's OutAlice Cooper
48%
Hollaback Girl, The Sweet Escape, What You Waiting For?Gwen Stefani
48%
Can't Stop The Feeling, Cry Me A River, MirrorsJustin Timberlake
48%
Freedom, Frontin', HappyPharrell Williams
48%
Black Magic Woman, Put Your Lights On, Soul SacrificeSantana
48%
Chandelier, Elastic Heart, Gimme LoveSia
48%
Say You'll Be There, Wannabe, Who Do You Think You AreSpice Girls
48%
Amish Paradise, Smells Like Nirvana, TackyWeird Al Yankovic
48%
Hip To Be Square, Power of Love, The Heart of Rock & RollHuey Lewis & The News
43%
Get Ur Freak On, Supa Dupa Fly, Work ItMissy Elliott
43%
Danny Boy, It's Not Unusual, Mama Told Me Not To ComeTom Jones
43%
Bam Bam, Havana, LiarCamila Cabello
38%
Rhythm Nation, That's The Way Love Goes, Together AgainJanet Jackson
38%
Sweet Dreams, The Beautiful People, This Is HalloweenMarilyn Manson
38%
Anaconda, FTCU, Super BassNicki Minaj
38%
2 of Amerikaz Most Wanted, California Love, Hit Em UpTupac Shakur
38%
Could You Be Loved, Is This Love, Sun is ShiningBob Marley
33%
Circles, Rockstar, Take What You WantPost Malone
33%
Bring Me The Sunshine, Help Me Make It Through The Night, On The Road AgainWillie Nelson
33%
Fallin', If I Ain't Got You, UnderdogAlicia Keys
29%
Ruff Ryder's Anthem, Up in Here, X Gon Give It To YaDMX
29%
Ain't Got No Haters, It Was A Good Day, Until We RichIce Cube
29%
Doin It, I'm Bad, Mama Said Knock You OutLL Cool J
29%
All Good Things, I'm Like A Bird, Say It RightNelly Furtado
29%
Flames, Nation Rap, TitaniumDavid Guetta
24%
All of Me, Love Me Now, Ordinary PeopleJohn Legend
24%
Alright, DNA., HumbleKendrick Lamar
24%
Everything, Family Affair, Real LoveMary J. Blige
24%
I Saw Her Standing There, Jet, My ValentinePaul McCartney
24%
Go with the Flow, No One Knows, The Way You Used To DoQueens of the Stone Age
24%
Calm Down, It Ain't Me, WolvesSelena Gomez
24%
Black and Yellow, Roll Up, When I'm GoneWiz Khalifa
24%
I'm Outta Love, Left Outside Alone, Sick and TiredAnastacia
19%
Miracle, Summer, This Is What You Came ForCalvin Harris
19%
Hip Hop Police, Not A Criminal, Ridin' DirtyChamillionaire
19%
Dr. Greenthumb, Hits From The Bong, Insane in the BrainCypress Hill
19%
Party All The Time, Put Your Mouth on Me, Red LightEddie Murphy
19%
So Good, Without Me, You Should Be SadHalsey
19%
Kevin's Heart, Middle Child, No Role ModelzJ. Cole
19%
Another Love, Black Friday, Here I AmTom Odell
19%
Bartender, I'm Sprung, That's How We Ballin'T-Pain
19%
Easy On Me, Hometown Glory, Turning TablesAdele
14%
Baby, Foolish, Only UAshanti
14%
Fight Music, My Band, Purple PillsD12
14%
They Don't Love It, Tyler Herro, What's Poppin'Jack Harlow
14%
Broken Strings, Up, You Give Me SomethingJames Morrison
14%
Diet Coke, Drug Dealer's Anonymous, Neck & WristPusha T
14%
Snuff, Spit It Out, Wait and BleedSlipknot
14%
Classico, Kickapoo, TributeTenacious D
14%
Hate It Or Love It, How We Do, StupidThe Game
14%
Mr. Rock & Roll, The Hudson, This Is The LifeAmy Macdonald
10%
I Got You, I'm A Mess, Meant To BeBebe Rexha
10%
London, Millions, Whole Lotta MoneyBIA
10%
All For One, Punks Jump Up To Get Beat Down, Wake UpBrand Nubian
10%
Break Ya Neck, Pass the Courvoisier, Thank YouBusta Rhymes
10%
Sinister, Super, Two TensCordae
10%
Damnit I Love You, Looking For Freedom, True SurvivorDavid Hasselhoff
10%
Believe Me, Kenji, Remember the NameFort Minor
10%
Bad Name, Diamonds Are Forever, Rite Where You StandGang Starr
10%
If This Isn't Love, Spotlight, TroubleJennifer Hudson
10%
1800, Ballin', HomicideLogic
10%
Bad Things, Edge of Destruction, InvincibleMachine Gun Kelly
10%
Bring the Pain, Got To Have It, SayMethod Man
10%
Dreamer, Ordinary Man, Scary Little Green MenOzzy Osbourne
10%
80 Barz, Da Goodness, Smack Da Shit OutchaRedman
10%
Anywhere, I Will Never Let You Down, Let You Love MeRita Ora
10%
Behind Bars, Children's Story, I Shouldn't Have Done ItSlick Rick
10%
Chuck, Let It, SpicyCL
5%
Jesus Khyrsis, Lemon, The CowConway the Machine
5%
Crawl, Fire, Let DownDead By Sunrise
5%
Ain't Nobody, I Love You, Soon As I Get HomeFaith Evans
5%
Best Part of Me, Main Attraction, The MedicineJeremy Renner
5%
Far Away, Gatekeeper, Sugar At NightJessie Reyez
5%
Broke and Stupid, ISIS, WillJoyner Lucas
5%
Blood in the Cut, High Enough, Raw RawK. Flay
5%
Can't Hear You Know, Ghosts, Nothing Makes Sense AnymoreMike Shinoda
5%
Fever, I Can, RewindNas
5%
Clouds, Lost, When I Grow UpNF
5%
Oh!, Shit Hits The Fan, SnitchObie Trice
5%
Forever, French Kiss Trois, NutshellPhife Dawg
5%
High Roller, Kurt Cobain, We Ain't ScaredProof
5%
3 Kings, Hustlin', OutlawzRick Ross
5%
Boblo Boat, Cocaine, Writer's BlockRoyce Da 5'9
5%
Close Your Eyes, Legend Has It, Walking in the SnowRun the Jewels
5%
Final Warning, Invisible, LemonadeSkylar Grey
5%
Echo, If I Should Die Tonight, Just in CaseSwizz Beatz
5%
Can A Drummer Get Some, Let's Go, Whistle DixieTravis Barker
5%
Into My Body, Monica Lewinsky, People I Don't LikeUPSAHL
5%
Best Friend, Till I Collapse, You and MeYelawolf
5%
Come Close, Imagine, The LightCommon
0%
My Father's Son, With A Little Help From My Friends, You Are So BeautifulJoe Crocker
0%
512, Laid To Rest, MementoLamb of God
0%
Missin You Crazy, No More, What They WantRuss
0%

Score Distribution

Percentile by Number Answered

Percent of People with Each Score

Your Score History

You have not taken this quiz